Estimating and tendering for construction work (Record no. 109201)

MARC details
000 -LEADER
fixed length control field 01911cad a22003255a 4500
001 - CONTROL NUMBER
control field L146500
008 - FIXED-LENGTH DATA ELEMENTS--GENERAL INFORMATION
fixed length control field 090127s2008 xxk f 000 0 eng d
020 ## - INTERNATIONAL STANDARD BOOK NUMBER
International Standard Book Number 9780750686167
-- 9781405147552
035 ## - SYSTEM CONTROL NUMBER
System control number (Sirsi) u146500
041 0# - LANGUAGE CODE
Language code of text/sound track or separate title eng
050 04 - LIBRARY OF CONGRESS CALL NUMBER
Classification number 692.5 $2 18
100 1# - MAIN ENTRY--PERSONAL NAME
Personal name Brook, Martin
245 00 - TITLE STATEMENT
Title Estimating and tendering for construction work
Medium [electronic resource]
250 ## - EDITION STATEMENT
Edition statement 4th ed.
260 ## - PUBLICATION, DISTRIBUTION, ETC.
Place of publication, distribution, etc. OxfordbButterworth-Heinemann
Date of publication, distribution, etc. 2008
300 ## - PHYSICAL DESCRIPTION
Extent eBook
350 ## - PRICE (NR) (BK AM CF MU VM SE) [OBSOLETE]
Price 24.99
505 2# - FORMATTED CONTENTS NOTE
Formatted contents note Organization of the estimating function -- Procurement paths -- Forms of contract -- Tender documentation -- Estimating methods -- Contractor selection and decision to tender -- Project appreciation and enquiries to suppliers and sub-contractors -- Tenders wth cost planning -- Tender planning and method statements -- Resource costs: labour, materials and plant -- Unit rate pricing -- Sub-contractors and market testing -- Risk, opportunities and fluctuations -- Provisional sums and dayworks -- Preliminaries -- Cashflow forecasts -- Completing the estimate and final tender review -- Tender submission and results -- Action with the successful tender -- Computer-aided estimating
520 ## - SUMMARY, ETC.
Summary, etc. Sets out the role of the estimator at every stage of the project process. This new edition is updated to take account of new tendering and procurement methods, the increased emphasis on collaborative working and the move from basic estimating to cost planning.
520 ## - SUMMARY, ETC.
Summary, etc. Supersedes 3rd edition (ISBN 0750658649)
520 ## - SUMMARY, ETC.
Summary, etc. Superseded by 5th edition ISBN 9781138838062
521 ## - TARGET AUDIENCE NOTE
Target audience note Advanced
590 ## - LOCAL NOTE (RLIN)
Local note KA
650 24 - SUBJECT ADDED ENTRY--TOPICAL TERM
Topical term or geographic name entry element EBOOK
651 #4 - SUBJECT ADDED ENTRY--GEOGRAPHIC NAME
Geographic name United Kingdom
Chronological subdivision
690 ## - LOCAL SUBJECT ADDED ENTRY--TOPICAL TERM (OCLC, RLIN)
Topical term or geographic name as entry element BUILT ENVIRONMENT-QUANTITY SURVEYING-CONSTRUCTION COST ESTIMATING
856 48 - ELECTRONIC LOCATION AND ACCESS
Uniform Resource Identifier <a href="https://www.vlebooks.com/">https://www.vlebooks.com/</a>
Public note View on VLEbooks. Logins for members only from [email protected]
942 ## - ADDED ENTRY ELEMENTS (KOHA)
Suppress in OPAC 0
Holdings
Withdrawn status Lost status Damaged status Not for loan Home library Current library Shelving location Date acquired Cost, normal purchase price Total Checkouts Full call number Barcode Date last seen Date last checked out Copy number Cost, replacement price Price effective from Koha item type Source of classification or shelving scheme
  Missing from bundle     London London Basement 12/02/2009 24.99 5 BASEMENT 61 30079649 06/08/2019 04/02/2010 1 24.99 06/08/2019 Book  
        Virtual Virtual Online 23/11/2010 67.32   EBOOK 146500-3001 06/08/2019   1 67.32 06/08/2019 Book Dewey Decimal Classification